000 00483nam a2200181Ia 4500
008 151018s9999 xx 000 0 und d
082 _bRBASDV22482
_a891.468
100 _aअनंत भालेराव
245 _aकावड
250 _b1
260 _bऋतू
_c1989
300 _a226
600 _aअनंत भालेराव
630 _aकावड
700 _aअनंत भालेराव
730 _aकावड
942 _cBOOK
999 _c1022151
_d1022148